00853nam a2200169 a 450000100060000000300090000600800410001502000150005604000280007108200170009910000320011624500470014826000330019530000190022850504020024765000340064916780CO-ViMGA141112s2004 ck r 000 u spa d a8428327904 aCO-ViMGAbspacCO-ViMGA04a647.94 S738i1 aStewart Weissinger, Suzanne10aIntroducción a las actividades Hoteleras aMadrid : bParaninfo, c2001 a184p.il, fotos aAlojamientos El Negocio Hotelero y tú Clasificación de las instalaciones de alojamiento Actividades de recepción : reservas Actividades de recepción : Equipajes, registro Actividades de recepción contabilidad y salidas Servicio de pisos, mantenimiento tecnico y seguridad EL departamento de restauración Planificación de ventas y reuniones Alojamiento : referencias y clasificaciones14aHOTELERIA, TRATADOS, MANUALES